000 00741nam a22002417a 4500
003 UA-OsUOA
001 45716
007 ta
008 20111031b un ||||| |||| 00| 0 ukr d
100 _aБабко Ю.
090 _a929
_bБ12
942 _cBK
040 _aUA-OsUOA
_bukr
_cUA-OsUOA
_dUA-OsUOA
245 _aМикола Олексійович Скрипник
300 _a200 с.
955 _a4
041 _aukr
080 _a929
260 _aК.
_bВ-во політичної літератури України
_c1967
650 7 _a9 Географія. Біографії. Історія
_2UDC
999 _c425820
_d425820